Applied Science I (Record no. 306052)

MARC details
000 -LEADER
fixed length control field 00398nam a2200157Ia 4500
008 - FIXED-LENGTH DATA ELEMENTS--GENERAL INFORMATION
fixed length control field 230718s9999 xx 000 0 und d
041 ## - LANGUAGE CODE
Language code of text/sound track or separate title eng
082 ## - DEWEY DECIMAL CLASSIFICATION NUMBER
Classification number 600
Item number KUL
100 ## - MAIN ENTRY--PERSONAL NAME
Personal name Kulkarni A.D.
245 ## - TITLE STATEMENT
Title Applied Science I
260 ## - PUBLICATION, DISTRIBUTION, ETC. (IMPRINT)
Date of publication, distribution, etc. 2003
Name of publisher, distributor, etc. Tech-Max Publications
300 ## - PHYSICAL DESCRIPTION
Extent 493
365 ## - TRADE PRICE
Currency code Rs.
700 ## - ADDED ENTRY--PERSONAL NAME
Personal name Kulkarni A. D, Shukla S.N.,Walekar V.K. & Deshpande M.S
906 ## - LOCAL DATA ELEMENT F, LDF (RLIN)
c ALLIED
Holdings
Withdrawn status Lost status Damaged status Not for loan Home library Current library Date acquired Vendor Budget Code Full call number Barcode Date last seen Bill Date Koha item type Original Barcode
Withdrawn       Cummins College of Engineering for Women Pune Cummins College of Engineering for Women Pune 06/10/2003 MBS ALLIED 600 CCEP-BK-17259 18/07/2023 15/05/2005 Books 017259